000 00575nam a2200193Ia 4500
008 090124s9999 xx 000 0 und d
082 _b23404
_a6587
100 _aहिरेमठ राजशेखर
245 _a दाही दिशा
250 _a1
260 _c1981
300 _a400
600 _aहिरेमठ राजशेखर
630 _a दाही दिशा
700 _aहिरेमठ राजशेखर
700 _aहिरेमठ राजशेखर
730 _a दाही दिशा
942 _cBOOK
999 _c137008
_d137008